000 00792cam a22002054a 4500
005 20250826125622.0
008 250528s ||||||||||||||||||||||||d
035 _a15009
020 _a138528721
040 _aGR-AtMCL
_bgre
_dGR-AtMCL
_eAACR2
245 1 _aStructured Computer Organization / Third Edition
250 _a3rd
260 _bPrentice Hall International,
_c1990
300 _a588
520 _aPreface, Introduction, Computer Systems Organization, The Digital Logic Level, The Microprogramming Level, The Conventional Machine Level, The Operating System Machine Level, The Assembly Language Level, Advanced Computer Architectures, Reading List and Bibliography, Appendices, Index.
700 1 _aTanenbaum, Andrew S.
_9838
942 _cBK
999 _c615
_d615